Transistor electronics / (Record no. 182338)
[ view plain ]
| 000 -LEADER | |
|---|---|
| fixed length control field | 00922 a2200181 4500 |
| 003 - CONTROL NUMBER IDENTIFIER | |
| control field | Nust |
| 005 - DATE AND TIME OF LATEST TRANSACTION | |
| control field | 20221205091457.0 |
| 040 ## - CATALOGING SOURCE | |
| Transcribing agency | Nust |
| 082 ## - DEWEY DECIMAL CLASSIFICATION NUMBER | |
| Classification number | 621.381528,LOA |
| 100 ## - MAIN ENTRY--PERSONAL NAME | |
| Personal name | Arthur W. Lo |
| 9 (RLIN) | 104064 |
| 245 ## - TITLE STATEMENT | |
| Title | Transistor electronics / |
| Statement of responsibility, etc. | Arthur W. Lo |
| 260 ## - PUBLICATION, DISTRIBUTION, ETC. | |
| Place of publication, distribution, etc. | Prentice-Hall |
| Name of publisher, distributor, etc. | Englewood Cliffs [N.J.] |
| Date of publication, distribution, etc. | 1958 |
| 300 ## - PHYSICAL DESCRIPTION | |
| Extent | 521 p |
| Other physical details | 22 cm |
| 505 ## - FORMATTED CONTENTS NOTE | |
| Formatted contents note | Physical Concepts (Page-1), Characteristics, Parameters Equivalent Circuits (Page-37), Basic Amplifier Configurations (Page-81), Direct Current Bias Circuits (Page-131), Low Frequency Amplifiers (Page-155), Power Amplifiers (Page-197), High Frequency Operation (Page-225), Physical Interpretation of Transistor Parameters (Page-272), High Frequency Amplifiers (Page-310), Oscillators (Page-349), Modulation and Demodulation (Page-385), Pulse Circuit (Page-433) |
| 600 ## - SUBJECT ADDED ENTRY--PERSONAL NAME | |
| Personal name | Arthur W. Lo |
| 9 (RLIN) | 104064 |
| 650 ## - SUBJECT ADDED ENTRY--TOPICAL TERM | |
| Topical term or geographic name entry element | Telecommunication Engineering |
| 942 ## - ADDED ENTRY ELEMENTS (KOHA) | |
| Source of classification or shelving scheme | |
| Koha item type | Book |
| Withdrawn status | Lost status | Source of classification or shelving scheme | Damaged status | Not for loan | Permanent Location | Current Location | Shelving location | Date acquired | Full call number | Barcode | Date last seen | Price effective from | Koha item type | Public note |
|---|---|---|---|---|---|---|---|---|---|---|---|---|---|---|
| Military College of Signals (MCS) | Military College of Signals (MCS) | General Stacks | 12/12/2016 | 621.381528,LOA | MCS21376 | 12/08/2016 | 12/12/2016 | Book | Almirah No.34, Shelf No.2 | |||||
| Military College of Signals (MCS) | Military College of Signals (MCS) | General Stacks | 12/12/2016 | 621.381528,LOA | MCS6962 | 12/08/2016 | 12/12/2016 | Book | Almirha No 83, Shelf No 1 | |||||
| Military College of Signals (MCS) | Military College of Signals (MCS) | General Stacks | 12/12/2016 | 621.381528,LOA | MCS6963 | 12/08/2016 | 12/12/2016 | Book | Almirha No 124, Shelf No 1 | |||||
| Military College of Signals (MCS) | Military College of Signals (MCS) | General Stacks | 12/12/2016 | 621.381528,LOA | MCS6964 | 12/08/2016 | 12/12/2016 | Book | Almirah No.34, Shelf No.2 | |||||
| Military College of Signals (MCS) | Military College of Signals (MCS) | General Stacks | 12/05/2022 | 621.381528,LOA | MCS6755 | 12/05/2022 | 12/05/2022 | Book | Almirah No.124, Shelf No.1 |
